| 000 | 00330nam a2200121 4500 | ||
|---|---|---|---|
| 999 |
_c10939 _d10939 |
||
| 003 | OSt | ||
| 005 | 20221102170854.0 | ||
| 008 | 221102b ||||| |||| 00| 0 eng d | ||
| 100 | _aErnest burden | ||
| 245 | _aEntourage /A tracing file for architecture and interior design drawing | ||
| 260 |
_aLondon _bMC Graw hill |
||
| 942 | _2ddc | ||